Most Expensive 2025/26 transfers - Statistics

General Stats
  • This quiz has been taken 60 times
  • The average score is 12 of 20
Answer Stats
Price Team From Team To Answer % Correct
€125 Million Newcastle United Liverpool Alexander Isak
100%
€116 Million* Bayer Leverkusen Liverpool Florian Wirtz
100%
€79 Million* Eintracht Frankfurt Liverpool Hugo Ekitike
94%
€63 Million* Sporting CP Arsenal Viktor Gyokeres
84%
€73.4 Million* RB Leipzig Manchester United Benjamin Sesko
78%
€64.8 Million Liverpool Bayern Munich Luis Diaz
78%
€64.8 Million Napoli Galatasaray Victor Osimhen
74%
€67.5 Million* Crystal Palace Arsenal Eberechi Eze
70%
€56.3 Million RB Leipzig Tottenham Xavi Simons
62%
€50 Million Bournemouth Real Madrid Dean Huijsen
56%
€69 Million Stuttgart Newcastle United Nick Woltemade
56%
€62.5 Million Wolverhampton Wanderers Manchester United Matheus Cunha
54%
€60 Million Real Sociedad Arsenal Martin Zubimendi
52%
€60 Million* Brighton Chelsea Joao Pedro
46%
€71 Million* Brentford Manchester United Brian Mbuemo
44%
€55 Million* Nottingham Forest Newcastle United Anthony Elanga
38%
€55 Million West Ham Tottenham Hotspurs Mohammed Kudus
36%
€55 Million* Brentford Newcastle United Yoane Wissa
30%
€57 Million* Bournemouth PSG Illia Zabarnyi
24%
€56.3 Million Atalanta Al-Qadisiah Mateo Retegui
20%
No matching quizzes found
Score Distribution
Percent of People with Each Score
Percentile by Number Answered
Your Score History
You have not taken this quiz